000 00579nam a22002057a 4500
005 20260323115527.0
010 _aENG-147963
020 _c399.00
_a9789349001886
035 _aEN-131495
037 _bDBAD
082 _aS
_21
_b1
100 _aSANE ASHWINI R
_988713
245 _aLITTLE KANYA/
_cAshwini R SaneI.
_hEnglish
250 _a1
260 _aMaharastra
_bVishwakarma
_c2025
270 _bPune
_a34A/1,Suyog Centre,7th floor ,Gultekadi Marketyard Road,Giridhar Bhawan Chowk.
_e411037
300 _a314pb.
_c21cm
700 _988667
942 _2ddc
_cEN
_mSAN
_kS
_e1
999 _c215723
_d215723